• 首页
  • 本馆介绍
  • 公告通知
  • 最新文献
  • 馆藏检索
  • 电子资源
  • 读者导购
  • 参考咨询
  • 我的图书馆
  • 登录
  • 详细信息显示
  • 放入我的书架
  • 预约/预借图书
  • 作者相关作品
  • 分类相关作品
  • 丛书相关作品
  • 出版社相关作品

书目信息

  • 表格格式
  • 工作单格式
  • 卡片格式
题名:
论调查研究
    
 
作者: 洪彦林 著
分册:  
出版信息: 北京   求实出版社  1987
页数: 197页
开本: 20cm
丛书名:
单 册:
中图分类: C915
科图分类:
主题词: 社会调查 , 社会分析
电子资源:
ISBN:
000 00643nam0 2200253 45
001 0187001169
005 20050609163846.0
010    @dCNY1.10
091    @a3231.312
100    @a19901126d1987 kemy0chiy0121 ea
101 0  @achi
102    @aCN@b110000
105    @ay z 000yy
200 10 @a论调查研究@Alun diao cha yan jiu@f洪彦林著@FHong Yan Lin Zhu
205    @a2版@b修订本
210    @a北京@c求实出版社@d1987
215    @a197页@d20cm
606 0  @a社会调查
606 0  @a社会分析
690    @aC915@v3
701  0 @a洪彦林@4著
801  0 @aCN@b深圳图书馆@c20031221
801  2 @aCN@bNLC@c20031221
905    @dC915@e71=2@f1@b210062
    
    论调查研究/洪彦林著.-2版,修订本.-北京:求实出版社,1987
    197页;20cm
    
    
    ISBN :CNY1.10
    
●
相关链接 在E读中查询图书 在五车中查询图书 在当当中查询图书 在豆瓣中查询图书


正题名:论调查研究     索取号:C915/71=2         预约/预借

序号 登录号 条形码 馆藏地/架位号 状态 备注
1 0210060   001864058   密集书库/ [索取号:C915/71=2] 在馆    
2 0210061   000366339   密集书库/ [索取号:C915/71=2] 在馆    
3 0210062   000366320   第一样本阅览室/ [索取号:C915/71=2] 在馆    
唐山师范学院图书馆 欢迎您!
大连网信软件有限公司© 版权所有